01147cam a2200313 a 4500999001900000001000800019003000500027005001700032008004100049010001700090020002400107035002100131038001100152040001800163050002600181082001900207100003300226245008000259246003700339246004500376260004300421300003500464504006600499650003600565856006900601906004500670942001200715952010600727 c173368d1733682618365Nust20180724061033.0981214s1999 nyua b 001 0 eng  a 98055251  a0140292586cRs. 380 a(DLC) 98055251 aArshad aDLCcDLCdDLC00aQC981.8.G56bC48 199900a363.73874bCHR1 aChristianson, Gale E.91195510aGreenhouse :bthe 200-year story of global warming /cGale E. Christianson.30a200-year story of global warming3 aTwo hundred-year story of global warming aNew York :bWalker and Company,c1999. axiii, 305 p. :bill. ;c24 cm. aIncludes bibliographical references (p. [279]-292) and index. 0aGlobal warmingxHistory.9119564 3Table of Contentsuhttp://lcweb.loc.gov/catdir/toc/98055251.html a7bcbccorignewd1eocipf19gy-gencatlg 2ddccBK 00102ddc40708FICaCLbCLcFICd2017-01-23l0o363.73874 CHRpCL269r2023-09-18t1w2017-01-23yBK